Statistics for Countries With The Tallest Women

Click here to take the quiz!

General Stats

  • This quiz has been taken 42 times
  • The average score is 11 of 15

Answer Stats

Average Height (Cm)Country% Correct
167.5Netherlands
95%
167.1Norway
89%
167.2Denmark
86%
168.1Belgium
84%
167.2Finland
84%
166.5Croatia
81%
167.4Slovenia
78%
171.8Bosnia and Herzegovina
76%
166.8Serbia
76%
168.0Iceland
73%
169.4Montenegro
68%
167.5Lithuania
65%
167.2Czech Republic
57%
167.8Italy
51%
166.6Samoa
5%

Score Distribution

Percentile by Number Answered

Percent of People with Each Score

Your Score History

You have not taken this quiz